LEADER 01199nam0-22004091i-450- 001 990005541900203316 005 20051205120000.0 035 $a000554190 035 $aUSA01000554190 035 $a(ALEPH)000554190USA01 035 $a000554190 100 $a20051205d2005-------|0itac50------ba 101 $aita 102 $aIT 105 $a|||| ||||| 200 1 $aDecessi$ecaratteristiche demografiche e sociali$eanno 2001$fIstat 210 $aRoma$cIstat$d2005 215 $a123 p.$d26 cm. 225 2$aAnnuari$v10 311 $a2005$9USA4601 410 0$12001$aAnnuari$v10 606 $aPopolazione$xDecessi$xstatistiche$2FI 620 $dRoma 676 $a304.64021$cPopolazione - decessi (mortalità) statistiche generali$v21 710 02$aIstituto centrale di statistica$0374421 712 $aistat 801 $aIT$bSOL$c20120104 912 $a990005541900203316 950 $aDIP.TO SCIENZE ECONOMICHE - (SA)$dDS 300 304.64021 ist$e2005 DISES 951 $a300 304.64021 ist$b738 DISES 959 $aBK 969 $aDISES 979 $c20121027$lUSA01$h1533 979 $c20121027$lUSA01$h1613 996 $aDecessi$91127698 997 $aUNISA NUM $aUSA16561 LEADER 01986nam0 22004093i 450 001 UMC1009366 005 20231121125913.0 020 $aIT$b2004-1167 100 $a20200214d2003 ||||0itac50 ba 101 | $aita 102 $ait 181 1$6z01$ai $bxxxe 182 1$6z01$an 200 1 $aPetrarca nel tempo: tradizione, lettori e immagini delle opere$ecatalogo della Mostra$eArezzo, sottochiesa di San Francesco, 22 novembre 2003-27 gennaio 2004$fa cura di Michele Feo 210 $a[S.l.$cs.n.]$d2003$ePontedera$gBandecchi & Vivaldi 215 $aXVI, 539 p.$cill.$d30 cm 300 $aIn testa al front.: 7. Centenario della nascita di Francesco Petrarca (2004); Comitato nazionale. 312 $aTitolo del dorso: Petrarca nel tempo.$9CFI0567769 517 1 $aPetrarca nel tempo.$9CFI0567769 606 $aPetrarca, Francesco$xEsposizioni$x2003-2004$2FIR$3CFIC142575$9I 606 $aPetrarca, Francesco$xIconografia$xEsposizioni Arezzo 2003-2004$2FIR$3RMLC229367$9I 606 $aPETRARCA, FRANCESCO$xEsposizioni$xArezzo$x2003-2004$2FIR$3VEAC130439$9I 676 $a016.8511$9$v21 676 $a851.1$9POESIA ITALIANA, ORIGINI-1375$v21 702 1$aFeo$b, Michele$3CFIV029947 790 1$aEgisio$b, Abarasto$3PISV017486$zFeo, Michele 801 3$aIT$bIT-01$c20200214 850 $aIT-RM0290 $aIT-RM0313 $aIT-RM0151 $aIT-FR0017 899 $aBIBLIOTECA ANGELICA$bRM0290 899 $aBIBLIOTECA CASANATENSE$bRM0313 899 $aBiblioteca Istituto Storico Italiano Medio Evo - I$bRM0151 899 $aBiblioteca umanistica Giorgio Aprea$bFR0017 $eN 912 $aUMC1009366 950 0$aBiblioteca umanistica Giorgio Aprea$d 52SALA BRAGAS.A. 14$e 52SBA0000175405 VMN RS $fA $h20140707$i20140707 977 $a 06$a 07$a 41$a 52 996 $aPetrarca nel tempo: tradizione, lettori e immagini delle opere$93642470 997 $aUNICAS